000
00310nam a22001337a 4500
008
171025b xxu||||| |||| 00| 0 eng d
020
_a
0882775693
041
_a
eng
080
_a
336.2
100
_a
55
101
_a
TAK
245
_a
FUNDAMENTALS OF FEDERAL INCOME TAXATION
_c
FREELAND,J,J
942
_2
udc
_c
BK
999
_c
35848
_d
35848